Score 0/28 Timer 12:00
0 Plays Today
% Correct
Ronald Reagan 1980
89.8%
Franklin D. Roosevelt 1932
86.9%
George W. Bush 2004
85.2%
Abraham Lincoln 1860
82%
James Madison 1808
81.1%
John F. Kennedy 1960
75.3%
William Jefferson Clinton 1992
74%
Ronald Reagan 1984
72.9%
Franklin D. Roosevelt 1944
71.7%
Dwight D. Eisenhower 1952
70.7%
Richard M. Nixon 1968
68.6%
Thomas Jefferson 1800
68.6%
James Monroe 1816
67.3%
William Jefferson Clinton 1996
67%
% Correct
William McKinley 1900
66.1%
William Howard Taft 1908
65.2%
George Washington 1792
64.9%
Woodrow Wilson 1916
64.5%
Ulysses S. Grant 1872
64%
Abraham Lincoln 1864
63.8%
William Henry Harrison 1840
63.5%
Zachary Taylor 1848
63.1%
Calvin Coolidge 1924
61%
Andrew Jackson 1828
60.1%
Benjamin Harrison 1888
56%
James Buchanan 1856
55.6%
Grover Cleveland 1892
52.4%
Rutherford B. Hayes 1876
50.5%
Come Together.
Have Fun.
All Virtual.
We all need to come together. Play Sporcle's virtual live trivia to have fun, connect with people, and get your trivia on. Join a live hosted trivia game for your favorite pub trivia experience done virtually. If a virtual private party is more your thing, go here for details.

You're not logged in!

Compare scores with friends on all Sporcle quizzes.
OR
Log In

Sporcle TV

Today on Sporcle TV


Watch our educational content, quiz creation guides, and fun videos on Sporcle TV.

Show Comments

Extras

Top Quizzes Today


Score Distribution

Paid Content

Your Account Isn't Verified!

In order to create a playlist on Sporcle, you need to verify the email address you used during registration. Go to your Sporcle Settings to finish the process.

Report this User

Report this user for behavior that violates our Community Guidelines.

Details: